<?xml version="1.0" encoding="UTF-8"?><collection xmlns="info:lc/xmlns/marcxchange-v2"><record format="Unimarc" type="bibliographic"><leader>00657cam  2200205   450 </leader><controlfield tag="001">1925881</controlfield><controlfield tag="003">http://id.bnportugal.gov.pt/bib/porbase/1925881</controlfield><controlfield tag="005">20030510190300.0</controlfield><datafield ind1=" " ind2=" " tag="010"><subfield code="a">0-8078-1823-2</subfield></datafield><datafield ind1=" " ind2=" " tag="035"><subfield code="3">56487</subfield></datafield><datafield ind1=" " ind2=" " tag="095"><subfield code="a">PTBN00379833</subfield></datafield><datafield ind1=" " ind2=" " tag="100"><subfield code="a">19920716d1989    k  y0pory0103    ba</subfield></datafield><datafield ind1="0" ind2=" " tag="101"><subfield code="a">eng</subfield></datafield><datafield ind1=" " ind2=" " tag="102"><subfield code="a">US</subfield></datafield><datafield ind1="1" ind2=" " tag="200"><subfield code="a">Encyclopedia of Southern Culture</subfield><subfield code="f">ed. Charles Reagan Wilson &amp; William Ferris</subfield></datafield><datafield ind1=" " ind2=" " tag="210"><subfield code="a">Chapel Hill</subfield><subfield code="a">London</subfield><subfield code="c">University of North Carolina Press</subfield><subfield code="d">cop. 1989</subfield></datafield><datafield ind1=" " ind2=" " tag="215"><subfield code="a">XXI, 1634 p.</subfield><subfield code="c">il.</subfield><subfield code="d">cm</subfield></datafield><datafield ind1=" " ind2=" " tag="675"><subfield code="a">973</subfield><subfield code="v">BN</subfield><subfield code="z">por</subfield><subfield code="3">299602</subfield></datafield><datafield ind1=" " ind2="1" tag="702"><subfield code="a">Wilson</subfield><subfield code="b">Charles Reagan</subfield><subfield code="4">340</subfield><subfield code="3">1511752</subfield></datafield><datafield ind1=" " ind2="1" tag="702"><subfield code="a">Ferris</subfield><subfield code="b">William</subfield><subfield code="4">340</subfield><subfield code="3">495587</subfield></datafield><datafield ind1=" " ind2="0" tag="801"><subfield code="a">PT</subfield><subfield code="b">BN</subfield><subfield code="g">RPC</subfield></datafield><datafield ind1=" " ind2=" " tag="977"><subfield code="1">93(03)E46s</subfield><subfield code="2">coop</subfield><subfield code="4">UPLE</subfield><subfield code="6">mq572198</subfield><subfield code="7">bc</subfield><subfield code="8">coop</subfield><subfield code="9">UPLE</subfield><subfield code="b">37747</subfield><subfield code="k">0</subfield></datafield></record></collection>